Cosas añejas / (Registro nro. 9152)

Detalles MARC
000 -LIDER
fixed length control field 00761nam a22002777a 4500
001 - NÚMERO DE CONTROL
Identificador de número de control 0150
003 - IDENTIFICACDOR DE NÚMERO DE CONTROL
control field DO-SdBNP
005 - DATE AND TIME OF LATEST TRANSACTION
control field 20180214082843.0
007 - CAMPOS FIJOS DE DESCRIPCIÓN FÍSICA
fixed length control field 0150
008 - ELEMENTOS DE LONGITUD FIJA
fixed length control field 151005b1971 dr 00| 0 spa d
040 ## - FUENTE DE CATALOGACIÓN
Agencia que crea de manera original el registro BPMSU
Idioma de catalogación spa
Agencia que realiza la transcripción BPMSU
082 #4 - NÚMERO DE CLASIFICACIÓN DECIMAL DE DEWEY
Classification number RD863.3
Item number P418c,1971
100 1# - ASIENTO PRINCIPAL -- NOMBRE PERSONAL
Nombre personal Penson, César Nicolás
245 10 - MENCIÓN DE TITULO
Título Cosas añejas /
Mención de responsabilidad César Nicolás Penson
250 ## - MENCIÓN DE EDICION
Mención de edición 2a. ed.
260 0# - PUBLICACIÓN, DISTRIBUCIÓN, ETC. (PIE DE IMPRENTA)
Lugar de publicación, distribución, etc Santo Domingo :
Nombre del editor, distribuidor, etc. Publicaciones América,
Fecha de publicación, distribución, etc 1971.
300 ## - DESCRIPCIÓN FÍSICA
Extensión 228 p. :
Dimensiones 23 cm.
490 1# - MENCIÓN DE SERIES
Mención de serie Breviarios Dominicanos
650 #4 - ENCABEZAMIENTO DE MATERIA--TEMÁTICO
Término temático o nombre geográfico como elemento de entrada CUENTOS DOMINICANOS
650 #4 - ENCABEZAMIENTO DE MATERIA--TEMÁTICO
Término temático o nombre geográfico como elemento de entrada LITERATURA DOMINICANA
830 #0 - ASIENTO SECUNDARIO DE SERIE--TÍTULO UNIFORME
Título uniforme Breviarios Dominicanos
910 ## - VALIDACIÓN
Validación Validado. Control de calidad MFF
942 ## - ADDED ENTRY ELEMENTS (KOHA)
Source of classification or shelving scheme Dewey Decimal Classification
Koha item type Libros
945 ## - INFORMACIÓN DE PROCESAMIENTO LOCAL
Información de procesamiento local Ivnentariado / 2017 VM
956 ## - LOCAL ELECTRONIC LOCATION AND ACCESS (OCLC)
Nombre de host Yngrid Lockward
Existencias
Withdrawn status Lost status Source of classification or shelving scheme Damaged status Not for loan Collection code Home library Current library Date acquired Source of acquisition Total Checkouts Full call number Barcode Date last seen Price effective from Koha item type
    Dewey Decimal Classification     Colección Dominicana Biblioteca Pública Metropolitana Salomé Ureña Biblioteca Pública Metropolitana Salomé Ureña 03/09/2016 Donación   RD863.3 P418c 1971 BPMSU16030014 03/09/2016 03/09/2016 Libros